书目信息 |
| 题名: |
放飞
|
|
| 作者: | 杨哲 著 | |
| 分册: | ||
| 出版信息: | 深圳 海天出版社 1999.06 |
|
| 页数: | 394页 | |
| 开本: | 32开 | |
| 丛书名: | ||
| 单 册: | ||
| 中图分类: | I287.45 | |
| 科图分类: | ||
| 主题词: | 儿童文学--中国 , 儿童文学--中国--丛书 | |
| 电子资源: | ||
| ISBN: | 7-80654-002-4 | |
| 000 | 00523nam0 2200205 45 | |
| 001 | 9912100836 | |
| 005 | 20081030163007.35 | |
| 010 | @a7-80654-002-4@d15.00元 | |
| 100 | @a19991210d1999 km y0chiy0120 ea | |
| 101 | @achi | |
| 200 | 1 | @a放飞@AFang Fei@f杨哲著@FYang Zhe Zhu |
| 210 | @a深圳@c海天出版社@d1999.06 | |
| 215 | @a394页@d32开 | |
| 606 | 0 | @a儿童文学@x中国 |
| 606 | 0 | @a儿童文学@x中国@x丛书 |
| 690 | @aI287.45 | |
| 690 | @v3 | |
| 701 | @a杨哲@4著 | |
| 801 | @aCN@c20081030 | |
| 905 | @f2@b46440-441@dI287.45@eY.076 | |
| 放飞/杨哲著.-深圳:海天出版社,1999.06 |
| 394页;32开 |
| ISBN 7-80654-002-4:15.00元 |
| ● |
| 相关链接 |
|
|
|
正题名:放飞
索取号:I287.45/Y.076
 
预约/预借
| 序号 | 登录号 | 条形码 | 馆藏地/架位号 | 状态 | 备注 |
| 1 | 460828 | 204608282 | 社科二线422/422社科库 26排3列3层/ [索取号:I287.45/Y.076] | 在馆 | |
| 2 | 46440 | 200464407 | 社科二线422/422社科库 26排3列3层/ [索取号:I287.45/Y.076] | 在馆 | |
| 3 | 46441 | 200464416 | 文学库116/ [索取号:I287.45/Y.076] | 在馆 |